Celestiall observations, or, An ephemeris of the planetary motions : their various configurations, aspects and conjunctions : together with the suns ingress in the cardinall points of heaven : wherein as a prospective glass may astrologically be observed the condition and state of the year of our redemption 1651, being the third after the bissextile or leap year, and since the creation, 5644 : calculated for the meridian of the honourable and populous city of London, being the metropolis of Great Brittaine ... /

Bibliographic Details
Main Author: Booker, John, 1603-1667
Format: Microform Book
Language:English
Series:Early English books, 1641-1700 ; 996:17.
Subjects:

MARC

Tag First Indicator Second Indicator Subfields
LEADER 00000cam a2200000 a 4500
001 in00000891621
005 20151019162915.0
007 hd afv---baca
007 hd bfv---baaa
008 850330s1651 miu 00010 eng d
035 |a (OCoLC)11868389 
035 |9 AEL1122AM 
037 |a CL0037000033  |b University Microfilms International 
037 |b University Microfilms International, 300 N. Zeeb Rd., Ann Arbor, MI 48106 
040 |a EAE  |c EAE  |d m/c  |d UtOrBLW 
043 |a e-uk-en 
045 0 |b d1651 
049 |a TXAI 
090 |a AY751  |b .B66 1651 
099 |a film   |a  B   |a  3609 
100 1 |a Booker, John,  |d 1603-1667. 
245 1 0 |a Celestiall observations, or, An ephemeris of the planetary motions :  |b their various configurations, aspects and conjunctions : together with the suns ingress in the cardinall points of heaven : wherein as a prospective glass may astrologically be observed the condition and state of the year of our redemption 1651, being the third after the bissextile or leap year, and since the creation, 5644 : calculated for the meridian of the honourable and populous city of London, being the metropolis of Great Brittaine ... /  |c by John Booker ... 
264 3 |a London :  |b Imprinted by F.K. for the Company of Stationers,  |c 1651. 
300 |a 46 unnumbered pages 
336 |a text  |b txt  |2 rdacontent 
337 |a microform  |b h  |2 rdamedia 
338 |a microfilm reel  |b hd  |2 rdacarrier 
500 |a Imperfect: pages faded with some loss of print. 
500 |a Reproduction of original in the Bodleian Library. 
510 4 |a Wing  |c A1332. 
533 |a Microfilm.  |b Ann Arbor, Mich. :  |c University Microfilms International,  |d 1983.  |e 1 microfilm reel ; 35 mm.  |f (Early English books, 1641-1700 : 996:17) 
500 |a Microform. 
650 0 |a Almanacs, English. 
650 0 |a Astrology  |v Early works to 1800. 
650 0 |a Ephemerides. 
740 3 |a An ephemeris of the planetary motions. 
740 0 |a Celestiall observations. 
830 0 |a Early English books, 1641-1700 ;  |v 996:17. 
999 |a MARS 
999 f f |s 671def93-5215-36fc-a122-9aab8bf3657a  |i c7e6f3fd-faa0-33e7-a157-af87e6d1fb42  |t 0 
952 f f |p default  |a Texas A&M University  |b College Station  |c Sterling C. Evans Library  |d Evans: Microforms (3rd floor)  |t 0  |e film B 3609 996:17  |h Other scheme  |i microform -- microfilm reel 
998 f f |a film B 3609 996:17  |t 0  |l Evans: Microforms (3rd floor)